Campeões Mundiais - Statistics

Estatísticas Gerais
  • Esse quiz foi jogado 68 vezes
  • A pontuação média é 10 de 12
Answers on the Grid
Answers color-coded by a green-red scale on the quiz's grid according to % correct below.
Lionel Messi
Neymar
Cristiano Ronaldo
Luis Suárez
Pelé
Ronaldo Fenômeno
Zinézine Zidane
Kylian Mbappé
Cafu
Ronaldinho Gaúcho
Kaká
Franz Beckenbauer
Andrea Pirlo
Xavi
Andrés Iniesta
Zlatan Ibrahimović
Luka Modrić
Johan Cruyff
Harry Kane
Karim Benzema
 
Estatísticas das Respostas
Resposta % Correto
Cafu
90%
Pelé
88%
Kaká
86%
Kylian Mbappé
86%
Zinézine Zidane
86%
Lionel Messi
83%
Ronaldo Fenômeno
83%
Xavi
83%
Ronaldinho Gaúcho
81%
Andrés Iniesta
74%
Andrea Pirlo
69%
Franz Beckenbauer
67%
Nenhum quiz correspondente encontrado
Distribuição das Pontuações
Porcentagem de Pessoas com Cada Pontuação
Percentil de Números Respondidos
Sua Pontuação Histórica
Você não jogou esse quiz